| 000 | 00868cab a2200193 4500 | ||
|---|---|---|---|
| 001 | L135869 | ||
| 008 | 061213n2006 000 0 eng u | ||
| 035 | _a(Sirsi) u135869 | ||
| 041 | 0 | _aeng | |
| 100 | 1 | _aRoss, Jonathan | |
| 245 | 0 | 0 |
_aCase news _bCapita Trust Co v Chatham Maritime |
| 260 | _c2006 | ||
| 490 | 0 |
_aProperty Week _v71(48) 01 December 2006, 106(1) |
|
| 520 | _aDescribes a case in which owner of a retail park won a mandatory injunction to force the head lessee to complete a subletting. The lessee had lined up a client to take a space at a shopping centre, but wanted compensation from the owner for not exercising a break clause in 2008 before it would complete the subletting. | ||
| 590 | _aKA | ||
| 651 | 4 | _aCHATHAM ISLANDS | |
| 690 | _aPROPERTY-COMMERCIAL PROPERTY-LEASEHOLD COMMERCIAL PROPERTY-COMMERCIAL LANDLORD AND TENANT | ||
| 942 | _n0 | ||
| 999 |
_c78053 _d78053 |
||